El valor de las cosas : (Record no. 126009)

MARC details
000 -LEADER
campo de control de longitud fija 02569cam a22003372u 4500
001 - NÚMERO DE CONTROL
campo de control 9918609824504201
003 - IDENTIFICADOR DE NÚMERO DE CONTROL
campo de control BJBSDDR
005 - FECHA Y HORA DE LA ÚLTIMA TRANSACCIÓN
campo de control 20251201120832.0
006 - CÓDIGOS DE INFORMACIÓN DE LONGITUD FIJA--CARACTERÍSTICAS DEL MATERIAL ADICIONAL
campo de control de longitud fija m | d
008 - DATOS DE LONGITUD FIJA--INFORMACIÓN GENERAL
campo de control de longitud fija 241112s2019 sp 000 0 spa d
020 ## - NÚMERO INTERNACIONAL ESTÁNDAR DEL LIBRO
ISBN cancelado o inválido 9788430622115
035 ## - NÚMERO DE CONTROL DEL SISTEMA
Número de control de sistema (OCoLC)1479231075
040 ## - FUENTE DE CATALOGACIÓN
Centro catalogador/agencia de origen ES-MaCSI
Lengua de catalogación spa
Centro/agencia transcriptor BJBSDDR
041 1# - CÓDIGO DE IDIOMA
Código de lengua del texto/banda sonora o título independiente spa
Código de lengua original eng
050 ## - SIGNATURA TOPOGRÁFICA DE LA BIBLIOTECA DEL CONGRESO
Número de ítem M478v 2019
080 ## - NÚMERO DE LA CLASIFICACIÓN DECIMAL UNIVERSAL
Número de la Clasificación Decimal Universal 330.52
080 ## - NÚMERO DE LA CLASIFICACIÓN DECIMAL UNIVERSAL
Número de la Clasificación Decimal Universal 330.13
100 1# - ENTRADA PRINCIPAL--NOMBRE DE PERSONA
Nombre de persona Mazzucato, Mariana,
Fechas asociadas al nombre 1968-
Término indicativo de función/relación autor
Relación aut
9 (RLIN) 35060
240 14 - TÍTULO UNIFORME
Título uniforme The value of everything
Lenguaje de la obra Español
245 13 - MENCIÓN DEL TÍTULO
Título El valor de las cosas :
Resto del título Quién produce y quién gana en la economía global /
Mención de responsabilidad, etc. Mariana Mazzucato, Ramón. González Férriz.
260 ## - PUBLICACIÓN, DISTRIBUCIÓN, ETC.
Nombre del editor, distribuidor, etc. TAURUS,
Fecha de publicación, distribución, etc. 2019.
Lugar de publicación, distribución, etc. Barcelona:
300 ## - DESCRIPCIÓN FÍSICA
Extensión 479 páginas :
Otras características físicas ilustración ;
Dimensiones 24 cm.
490 0# - MENCIÓN DE SERIE
Mención de serie Taurus : Economía
520 ## - RESUMEN, ETC.
Sumario, etc. ¿En qué mundo queremos vivir?<br/><br/>Mariana Mazzucato, la economista del momento, prende la mecha de un debate necesario.<br/><br/>«Mucho ojo con Mazzucato, la economista más temible del mundo.»<br/>Helen Rumbelow, The Times<br/><br/>¿Quién crea realmente la riqueza? ¿Qué actividades la impulsan? ¿Cuáles se limitan a extraerla? ¿Cuáles la destruyen? Nuestras economías tienden a premiar la extracción de valor antes que su creación -el proceso productivo que verdaderamente impulsa una economía y una sociedad saludables-, y la diferencia entre ambos conceptos se ha desdibujado de manera notable.<br/><br/>A partir de ejemplos que van desde Silicon Valley hasta el sector financiero pasando por las grandes farmacéuticas, Mariana Mazzucato muestra de manera magistral cómo las nociones borrosas que tenemos del valor han permitido a ciertos actores de la economía retratarse a sí mismos como generadores de valor, mientras que en realidad se limitan a mover el existente o, lo que es peor, a destruirlo.<br/><br/>Tendemos a perder de vista la auténtica naturaleza del valor y por qué es importante, cuestiones que en el pasado estuvieron en el centro del pensamiento económico y que, sencillamente, ya no se discuten. Si queremos reemplazar el actual sistema parasitario por otro sostenible que funcione para todos, es urgente y necesario repensar el origen de la riqueza y responder las preguntas clave de Mazzucato, que nos llevan al verdadero gran interrogante: ¿en qué mundo queremos vivir?
650 #7 - PUNTO DE ACCESO ADICIONAL DE MATERIA--TÉRMINO DE MATERIA
Término de materia o nombre geográfico como elemento de entrada Riqueza
Fuente del encabezamiento o término CSICAU
650 #7 - PUNTO DE ACCESO ADICIONAL DE MATERIA--TÉRMINO DE MATERIA
Término de materia o nombre geográfico como elemento de entrada Valor (Economía)
Fuente del encabezamiento o término CSICAU
653 ## - TÉRMINO DE INDIZACIÓN--NO CONTROLADO
Término no controlado Economía
653 ## - TÉRMINO DE INDIZACIÓN--NO CONTROLADO
Término no controlado Emprendimiento y emprendedores
700 1# - ENTRADA AGREGADA--NOMBRE PERSONAL
Nombre de persona González Férriz, Ramón,
Fechas asociadas al nombre 1977-
Término indicativo de función/relación traductor
Relación trl
9 (RLIN) 46171
942 ## - ELEMENTOS DE ENTRADA SECUNDARIOS (KOHA)
Fuente del sistema de clasificación o colocación Clasificación de Library of Congress
Tipo de ítem Koha Libro
Suprimir en OPAC No
Holdings
Estatus retirado Estado de pérdida Fuente del sistema de clasificación o colocación Estado de daño No para préstamo Colección Biblioteca de origen Biblioteca actual Ubicación en estantería Fecha de adquisición Total checkouts Signatura topográfica completa Código de barras Visto por última vez Copia número Precio de reemplazo Tipo de ítem Koha
    Clasificación de Library of Congress     Automatización y Procesos Técnicos Biblioteca Juan Bosch Biblioteca Juan Bosch Automatización y Procesos Técnicos (1er. Piso) 01/12/2025   M478v 2019 00000180987 01/12/2025 1 01/12/2025 Libro